000 00271nam a22001217a 4500
008 180205b xxu||||| |||| 00| 0 eng d
041 _aeng
080 _a54
100 _a12
101 _akim
245 _ainterntaional chemical series
_cwilliam.j.w
942 _2udc
_cBK
999 _c41785
_d41785